Lectures on administrative law (Record no. 66437)

MARC details
000 -LEADER
fixed length control field 00378nam a2200157Ia 4500
008 - FIXED-LENGTH DATA ELEMENTS--GENERAL INFORMATION
fixed length control field 230917s9999||||xx |||||||||||||| ||und||
040 ## - CATALOGING SOURCE
-- 36957
Original cataloging agency VIVEKANANDA LIBRARY
041 ## - Language
-- English
082 ## - DDC NUMBER
Classification number 342 T139L
100 ## - MAIN ENTRY--PERSONAL NAME
Personal name Thakker, C K
245 #0 - TITLE STATEMENT
Title Lectures on administrative law
250 ## - EDITION STATEMENT
Edition statement 2nd ed.
260 ## - PUBLICATION, DISTRIBUTION, ETC. (IMPRINT)
Place of publication, distribution, etc Lucknow
Name of publisher, distributor, etc Estern Book
Date of publication, distribution, etc 1994
300 ## - PHYSICAL DESCRIPTION
Pages xlvii, 360 p.
942 ## - ADDED ENTRY ELEMENTS (KOHA)
Koha item type Books
Holdings
Withdrawn status Lost status Source of classification or shelving scheme Damaged status Not for loan Location (home branch) Sublocation or collection (holding branch) Date acquired Koha issues (times borrowed) Koha full call number Accession No. Koha date last seen Koha item type
Withdrawn   Dewey Decimal Classification Damaged   VIVEKANANDA LIBRARY VIVEKANANDA LIBRARY 06/03/2003   342 T139L 138982 17/09/2023 Books
© Designed and Maintained by Vivekananda Library, MDU Rohtak